|
|
|
|
| LEADER |
01636nam a2200409 i 4500 |
| 001 |
EBC4764184 |
| 003 |
MiAaPQ |
| 005 |
20200128103612.0 |
| 006 |
m o d | |
| 007 |
cr cnu|||||||| |
| 008 |
200128s2016 be o 000 0 fre d |
| 020 |
|
|
|z 9782874963131
|
| 020 |
|
|
|a 9782511049860
|q (electronic bk.)
|
| 035 |
|
|
|a (MiAaPQ)EBC4764184
|
| 035 |
|
|
|a (Au-PeEL)EBL4764184
|
| 035 |
|
|
|a (CaPaEBR)ebr11314935
|
| 035 |
|
|
|a (OCoLC)966457492
|
| 040 |
|
|
|a MiAaPQ
|b eng
|e rda
|e pn
|c MiAaPQ
|d MiAaPQ
|
| 050 |
|
4 |
|a HD62.5
|b .R639 2016
|
| 082 |
0 |
|
|a 658.11
|2 23
|
| 100 |
1 |
|
|a Robyn, Carl-Alexandre,
|e author.
|
| 245 |
1 |
0 |
|a Start-up :
|b bien choisir ses associes et mieux repartir son capital-actions /
|c Carl-Alexandre Robyn.
|
| 264 |
|
1 |
|a Liege :
|b EdiPro,
|c [2016]
|
| 264 |
|
4 |
|c 2016
|
| 300 |
|
|
|a 1 online resource (280 pages).
|
| 336 |
|
|
|a text
|b txt
|2 rdacontent
|
| 337 |
|
|
|a computer
|b c
|2 rdamedia
|
| 338 |
|
|
|a online resource
|b cr
|2 rdacarrier
|
| 490 |
1 |
|
|a Guide Pratique
|
| 588 |
|
|
|a Description based on print version record.
|
| 590 |
|
|
|a Electronic reproduction. Ann Arbor, MI : ProQuest, 2018. Available via World Wide Web. Access may be limited to ProQuest affiliated libraries.
|
| 650 |
|
0 |
|a New business enterprises.
|
| 655 |
|
4 |
|a Electronic books.
|
| 776 |
0 |
8 |
|i Print version:
|a Robyn, Carl-Alexandre.
|t Start-up : bien choisir ses associes et mieux repartir son capital-actions.
|d Liege : EdiPro, c2016
|h 280 pages
|k Guide Pratique
|z 9782874963131
|
| 797 |
2 |
|
|a ProQuest (Firm)
|
| 830 |
|
0 |
|a Guide pratique.
|
| 856 |
4 |
0 |
|u https://ebookcentral.proquest.com/lib/matrademy/detail.action?docID=4764184
|z Click to View
|